UM Logo

Sim card registration to combat social media trolls-PNP/ (Record no. 15089)

MARC details
000 -LEADER
fixed length control field 00414nam a2200121 4500
008 - FIXED-LENGTH DATA ELEMENTS--GENERAL INFORMATION
fixed length control field 200304b ||||| |||| 00| 0 eng d
100 ## - MAIN ENTRY--PERSONAL NAME
9 (RLIN) 41809
Personal name Recuenco, Aaron.
Relator term Author.
245 ## - TITLE STATEMENT
Title Sim card registration to combat social media trolls-PNP/
Statement of responsibility, etc. Aaron Recuenco.
260 ## - PUBLICATION, DISTRIBUTION, ETC. (IMPRINT)
Place of publication, distribution, etc. Philippines;
Name of publisher, distributor, etc. Manila Bulletin,
Date of publication, distribution, etc. ©2019.
300 ## - PHYSICAL DESCRIPTION
Extent page 2;
Dimensions 29.5cm.
650 ## - SUBJECT ADDED ENTRY--TOPICAL TERM
Topical term or geographic name as entry element Electronic discussion groups.
9 (RLIN) 41810
942 ## - ADDED ENTRY ELEMENTS (KOHA)
Source of classification or shelving scheme Dewey Decimal Classification
Koha item type Periodicals
Holdings
Withdrawn status Lost status Source of classification or shelving scheme Damaged status Not for loan Collection code Home library Current library Date acquired Total Checkouts Date last seen Price effective from Koha item type Public note
    Dewey Decimal Classification     Periodicals UM Digos College - LIC UM Digos College - LIC 03/04/2020   03/04/2020 03/04/2020 Periodicals Newspaper clippings